00333nam a2200121Ia 4500008004100000041000800041082001500049100002500064245004400089260003300133300003400166365001100200240624s9999 xx 000 0 und d aeng a658.84 PAP aPAPAZOGLOU MICHAEL P aE BUSINESS ORGANIZATIONAL AND TECHNICAL c2007aNew DelhibWiley India axxviii, , 722 , 25 : p. : cm. cRSb30